Mercurius Publicus Communicating Emergent Occurrences.

Bibliographic Details
Uniform Title:Mercurius publicus (London, England : 1648)
Corporate Author: British Library
Format: Newspaper
Language:English
Published: [London] : [publisher not identified], [1648]
Series:17th-18th century Burney Collection newspapers.
Subjects:
Online Access:Connect to the full text of this electronic resource

MARC

Tag First Indicator Second Indicator Subfields
LEADER 00000cas a2200000 a 4500
001 in00003338721
005 20190404202601.0
006 m |d |
007 cr |n||||||||n
008 940712d16481648enkwr n o 0 | a0eng c
035 |a (CU-RivES)P1218 
035 |a (OCoLC)643151987 
035 |a (UtOrBLW)galbcn000148 
040 |a CU-RivES  |c CU-RivES  |d Uk-ES  |e dcrms  |d Gale  |d UtOrBLW 
130 0 |a Mercurius publicus (London, England : 1648) 
245 1 0 |a Mercurius Publicus Communicating Emergent Occurrences. 
264 1 |a [London] :  |b [publisher not identified],  |c [1648] 
300 |a 1 online resource. 
310 |a Weekly 
336 |a text  |b txt  |2 rdacontent 
337 |a computer  |b c  |2 rdamedia 
338 |a online resource  |b cr  |2 rdacarrier 
362 0 |a Numb. 1 ([16 May 1648])-Num. 3. (Monday the 22, to Monday the 29. of May, 1648.). 
490 1 |a 17th-18th century Burney Collection newspapers 
500 |a Reproduction of the originals from the Burney Collection, the British Library (London). 
500 |a Title from caption. 
500 |a First two number undated; MS. dates on Thomason copies: May 16 and May 26 1648, respectively, implying irregular frequency. 
500 |a With continuous pagination and register. 
500 |a Spelling in subtitle varies slightly. 
510 4 |a Nelson & Seccombe. Brit. newspapers and periodicals, 1641-1700,  |c 377.1-3 
510 4 |a NCBEL,  |c I:2103 
500 |a Electronic resource. 
648 7 |a 1603-1800  |2 local 
651 0 |a Great Britain  |x History  |y Civil War, 1642-1649  |x Newspapers  |v Early works to 1800. 
655 7 |a Newspapers.  |2 local 
655 7 |a Newsbooks.  |2 rbgenr 
710 2 |a British Library. 
752 |a Great Britain  |b England  |d London. 
856 4 0 |u http://proxy.library.tamu.edu/login?url=http://find.galegroup.com/bncn/infomark.do?serQuery=Locale%28en%2C%2C%29%3AFQE%3D%28JX%2CNone%2C55%29%22Mercurius+Publicus+Communicating+Emergent+Occurrences%22%24&queryType=PH&type=pubIssues&prodId=BBCN&version=1.0&source=library&userGroupName=txshracd2898  |z Connect to the full text of this electronic resource  |t 0 
830 0 |a 17th-18th century Burney Collection newspapers. 
999 |a MARS 
999 f f |s 276f2213-6c11-3798-bf18-feb12e8ee1b3  |i d27641a7-50df-38bf-a5fc-7dff11797bd7  |t 0 
952 f f |a Texas A&M University  |b College Station  |c Electronic Resources  |d Available Online  |t 0  |h No information provided 
998 f f |t 0  |l Available Online